|
|
|
|
| LEADER |
01875nam a2200481 a 4500 |
| 001 |
000008649 |
| 003 |
CZ BrMZK |
| 005 |
20250902084538.0 |
| 007 |
ta |
| 008 |
940921s1994 xr e f 000 m cze d |
| 015 |
|
|
|a cnb000082674
|
| 020 |
|
|
|a 80-7049-088-8
|c 58.00
|
| 040 |
|
|
|a BOA001
|b cze
|
| 043 |
|
|
|a e-xr---
|
| 072 |
|
7 |
|a 658
|x Řízení a správa podniku
|2 Konspekt
|9 4
|
| 080 |
|
|
|a 658.114
|2 MRF
|
| 080 |
|
|
|a 347.72
|2 MRF
|
| 080 |
|
|
|a 658
|2 MRF
|
| 080 |
|
|
|a 502.13
|2 MRF
|
| 080 |
|
|
|a (437.3)
|2 MRF
|
| 080 |
|
|
|a (035)
|2 MRF
|
| 100 |
1 |
|
|a Hessová, Zdenka
|7 jx20080227011
|4 aut
|
| 245 |
1 |
0 |
|a Podnikatel a životní prostředí :
|b Právní limity podnikání z hlediska ochrany životního prostředí /
|c Zdenka Hessová, Eva Štruplová
|
| 250 |
|
|
|a 1. vyd.
|
| 260 |
|
|
|a Praha :
|b C.H. Beck :
|b SEVT,
|c 1994
|
| 300 |
|
|
|a 9, 238 s.
|
| 490 |
1 |
|
|a Beckova edice právo a hospodářství ;
|v 3
|
| 650 |
0 |
7 |
|a podnikání
|7 ph115766
|z Česko
|2 czenas
|
| 650 |
0 |
7 |
|a podnikový management
|7 ph115763
|z Česko
|2 czenas
|
| 650 |
0 |
7 |
|a environmentální management
|7 ph114478
|z Česko
|2 czenas
|
| 650 |
0 |
9 |
|a business
|z Czechia
|2 eczenas
|
| 650 |
0 |
9 |
|a industrial management
|z Czechia
|2 eczenas
|
| 650 |
0 |
9 |
|a environmental management
|z Czechia
|2 eczenas
|
| 655 |
|
7 |
|a příručky
|7 fd133209
|2 czenas
|
| 655 |
|
9 |
|a handbooks and manuals
|2 eczenas
|
| 700 |
1 |
|
|a Štruplová, Eva,
|d 1969-
|7 pna2005280976
|4 aut
|
| 830 |
|
0 |
|a Beckova edice právo a hospodářství
|0 s
|
| 910 |
|
|
|a BOA001
|b 2-1002.114
|b TK-0256.236
|
| 920 |
|
|
|a 000034765
|
| 990 |
|
|
|a BK
|
| 996 |
6 |
|
|b 2610012284
|c 2-1002.114
|l MZK
|r Sklad / do 1 hodiny
|n 5
|p p.v.
|w 000008649
|u 000010
|a 1
|e BOA001
|j MZK50
|s P
|
| 996 |
7 |
|
|b 2620001954
|c TK-0256.236
|l MZK
|r Sklad / do 24 hodin
|n 2
|p kup
|w 000008649
|u 000030
|a 1
|e BOA001
|j MZK50
|s A
|
| 996 |
7 |
|
|b 2629960238
|c TK-0256.236
|l MZK
|r Sklad / do 24 hodin
|n 5
|w 000008649
|u 000020
|a 1
|e BOA001
|j MZK50
|s A
|